Как предупредить отклонения в поведении ребенка: книга для воспитателя детского сада

Detalles Bibliográficos
Autor Principal: Захаров А. И. Александр Иванович
Idioma:ruso
Publicado: Москва, Просвещение, 1986
Subjects:
Formato: MixedMaterials Libro
KOHA link:https://koha.lib.tpu.ru/cgi-bin/koha/opac-detail.pl?biblionumber=281490

MARC

LEADER 00000nam0a2200000 4500
001 281490
005 20231101235415.0
020 |a RU  |b 86-27488 
035 |a (RuTPU)RU\TPU\book\305257 
090 |a 281490 
100 |a 20150122d1986 m y0rusy5003 ca 
101 0 |a rus 
102 |a RU 
105 |a y z 000zy 
200 1 |a Как предупредить отклонения в поведении ребенка  |e книга для воспитателя детского сада  |f А. И. Захаров 
210 |a Москва  |c Просвещение  |d 1986 
215 |a 128 с. 
606 1 |a Неврозы у детей  |x Профилактика и борьба  |2 stltpush  |3 (RuTPU)RU\TPU\subj\45230  |9 64486 
610 1 |a дошкольники 
610 1 |a детские сады 
610 1 |a психология 
610 1 |a педагогика 
610 1 |a семейные отношения 
610 1 |a воспитание 
675 |a 616.8  |z rus  |v 3 
700 1 |a Захаров  |b А. И.  |g Александр Иванович 
801 0 |a RU  |b RuMRKP  |c 19950704  |g psbo 
801 1 |a RU  |b 63413507  |c 20150122 
801 2 |a RU  |b 63413507  |c 20170607  |g RCR 
942 |c BK